000 00532nam a22001937a 4500
005 20260529152458.0
010 _aENG-148675
020 _a9789349042278
_c599.00
035 _aEN-132207
037 _bDBAD
082 _a301.4
_21
100 _aVeenat
_989239
245 _aSacred Departures/
_cVeenat
250 _a1
260 _aChandigarh
_bThe Browser
_c2026
270 _bChandigarh
_aSCO 14-15, Sector 8-C
_e160009
_mservice@thebrowser.org
300 _a283p.
_c22cm(pb)
942 _2ddc
_cEN
_h301.4
_mVEE
999 _c216410
_d216410